000 nam a22 7a 4500
999 _c28129
_d28129
008 170215b xxu||||| |||| 00| 0 eng d
050 _aNC 256 .V4S6 1974
100 _aVenetian Drawing.
245 _aEighteenth- Century Venetian Drawing from the Correr Museum/
_cVenetian Drawing.
260 _aWashington:
_bSmithsonian Publication,
_c1974.
300 _aVarious Paging.:
_bill.;
_c25cm.
942 _2lcc
_cBOOKS
_hNC 256 .V4S6 1974